Estatísticas para Escolas de Samba dos Grupos Especial e de Acesso do Carnaval de São Paulo em 2017

Clique aqui para jogar o quiz

Estatísticas Gerais

  • Esse quiz foi jogado 53 vezes
  • A pontuação média é 16 de 22

Estatísticas das Respostas

GrupoBairroAgremiação% Correto
EspecialTucuruviAcadêmicos do Tucuruvi
95%
EspecialBom RetiroGaviões da Fiel
95%
EspecialTatuapéAcadêmicos do Tatuapé
93%
EspecialCasa VerdeImpério de Casa Verde
93%
EspecialBarra FundaMancha Verde
93%
EspecialBixigaVai-Vai
93%
EspecialVila AnastácioDragões da Real
90%
AcessoBarra FundaCamisa Verde e Branco
86%
AcessoRepúblicaIndependente Tricolor
83%
EspecialLimãoMocidade Alegre
83%
EspecialPompéiaÁguia de Ouro
81%
EspecialVila SaleteNenê de Vila Matilde
74%
EspecialFreguesia do ÓRosas de Ouro
74%
AcessoParada InglesaX-9 Paulistana
74%
AcessoItaqueraLeandro de Itaquera
71%
AcessoVila MadalenaPérola Negra
62%
AcessoBrásColorado do Brás
60%
EspecialJardim JapãoUnidos de Vila Maria
60%
EspecialSumaréTom Maior
57%
EspecialLimãoUnidos do Peruche
50%
AcessoGrajaúEstrela do Terceiro Milênio
38%
AcessoVila CariocaImperador do Ipiranga
36%

Distribuição das Pontuações

Percentil de Números Respondidos

Porcentagem de Pessoas com Cada Pontuação

Sua Pontuação Histórica

Você não jogou esse quiz